| 000 | 01500nam0a22003011 4500 | ||
|---|---|---|---|
| 001 | rc\4084611 | ||
| 005 | 20260407202819.0 | ||
| 021 |
_aRU _b[49-4288] |
||
| 035 | _a(NLR Aleph) 007969909 | ||
| 090 |
_a8452895 _c8452895 |
||
| 100 | _a20130415d1948 |||y0rusy50 ca | ||
| 101 | 0 | _arus | |
| 102 | _aRU | ||
| 105 | _ay z ||||| | ||
| 200 | 1 |
_aПлан курса "Основы марксизма-ленинизма" _eДля высш. учеб. заведений СССР _e[Утв. 20/VI-1948 г.] _fМ-во высш. образования СССР. Отд. преподавания обществ. наук |
|
| 210 |
_aМосква _cВсесоюз. заоч. ин-т текстильной и легкой пром-сти _d1948 _gтип. "Кр. печатник" |
||
| 215 |
_a24 с. _d20 |
||
| 300 | _aВ вып. дан. сост.: Шапкарин А.В., Иванников М.С., Соболева П.И. | ||
| 702 | 1 |
_aИванников _bМ.С. _gМихаил Степанович _4220 |
|
| 702 | 1 |
_aСоболева _bП.И. _gПрасковья Ивановна _4220 |
|
| 702 | 1 |
_aШапкарин _bА.В. _gАнатолий Васильевич _4220 |
|
| 712 | 0 | 1 |
_aСССР _bМинистерство высшего образования _bОтдел преподавания общественных наук _3RU\NLR\AUTH\8810134407 _9764822 |
| 801 | 0 |
_aRU _bNLR _gpsbo |
|
| 801 | 1 |
_aRU _bELAR _2rusmarc |
|
| 852 |
_aNLR _jс835-420/П-37 |
||
| 942 | _cBOOK | ||
| 980 | _aNB | ||